Romper con los dioses /

Збережено в:
Бібліографічні деталі
Автор: Garzón Bates, Mercedes (autor)
Формат: Книга
Мова:Іспанська
Опубліковано: México : Torres Asociados, 2002, c2002
Редагування:2a edición
Предмети:
Теги: Додати тег
Немає тегів, Будьте першим, хто поставить тег для цього запису!

MARC

LEADER 00000nam^a2200000^a^4500
001 000171904
005 20250521000000.0
005 20250521000000.0
009 20260310101402.112
020 |a 970-9066-09-9 
037 |a Acervo ITESO - Biblioteca 
041 |a ESP 
082 |a 170.  |b GAR 
100 |a Garzón Bates, Mercedes  |e (autor) 
245 1 0 |a Romper con los dioses /  |c M. Garzón Bates. 
250 |a 2a edición 
264 4 |a México :  |b Torres Asociados,  |c 2002, c2002 
300 |a 87 p. 
336 |a texto  |b txt  |2 rdacontenido 
337 |a sin mediación  |b n  |2 rdamedio 
338 |a volumen  |b nc  |2 rdasoporte 
649 |a XX 
650 |a Valores 
650 |a Secularización 
650 |a Pluralismo 
650 |a Superación Personal y Autoayuda 
650 |a Vitalismo 
650 |a Vida Cristiana 
650 |a Etica 
650 |a Individualidad 
650 |a Ciencia y Desarrollo 
650 |a Desarrollo Moral 
650 |a Axiología 
650 |a Ideología 
650 |a Conducta de Vida 
650 |a Filosofía 
650 |a Cristianismo 
910 |a Fondo General 
920 |a Impresos - Libros 
930 |a Colección General 
905 |a 101 
901 |a 0500109723  |b IT1  |c ACC  |u 20250521 
902 |a https://opac.biblio.iteso.mx/vufind/Record/000171904